| 000 | 02353cam a22003375i 4500 | ||
|---|---|---|---|
| 001 | 15425479 | ||
| 003 | EG-ScBUE | ||
| 005 | 20251221110934.0 | ||
| 008 | 080823t2006 ne a f b 001 0 eng d | ||
| 020 | _a1402034997 | ||
| 020 | _a9781402034992 | ||
| 040 |
_aEG-ScBUE _beng _erda _cEG-ScBUE _dEG-ScBUE |
||
| 082 | 0 | 4 |
_222 _a547.7 _bRUL |
| 100 | 1 |
_aRule, Gordon S., _939551 _eauthor. |
|
| 245 | 1 | 0 |
_aFundamentals of protein NMR spectroscopy / _cby Gordon S. Rule, Department of Biological Sciences, Carnegie Mellon University, Pittsburgh, PA, U.S.A., and T. Kevin Hitchens, Pittsburgh NMR Center for Biomedical Research, Carnegie Mellon University, Pittsburgh, PA, U.S.A. |
| 264 | 1 |
_aDordrecht : _bSpringer, _c[2006] |
|
| 264 | 4 | _cc2006 | |
| 300 |
_axxvi, 530 pages : _billustrations ; _c25 cm. |
||
| 336 |
_2rdacontent _atext _btxt |
||
| 337 |
_aunmediated _2rdamedia _bn |
||
| 338 |
_avolume _bnc _2rdacarrier |
||
| 490 | 0 |
_aFocus on structural biology ; _vvolume 5 |
|
| 504 | _aIncludes bibliographical references and index. | ||
| 505 | 0 | _aNMR spectroscopy. -- Practical aspects of acquiring NMR spectra. -- Introduction to signal processing. -- Quantum mechanical description of NMR. -- Quantum mechanical description of a one pulse experiment. -- The density matrix & product operators. -- Scalar coupling. -- Coupled spins: density matrix and product operator formalism. -- Two dimensional homonuclear J-correlated spectroscopy. -- Two dimensional heteronuclear J-correlated spectroscopy. -- Coherence editing: pulsed-field gradients and phase cycling. -- Quadrature detection in multi-dimensional NMR spectroscopy. -- Resonance assignments: homonuclear methods. -- Resonance assignments: heteronuclear methods. -- Practical aspects of N-dimensional data acquisition and processing. -- Dipolar coupling. -- Protein structure determination. -- Exchange processes. -- Nuclear spin relaxation and molecular dynamics. -- Appendices: A. Fourier transforms ; B. Complex variables, scalars, vectors, and tensors ; C. Solving simultaneous differential equations: Laplace transforms ; D. Building blocks of pulse sequences. | |
| 650 | 7 |
_aMacromolecules. _2BUEsh |
|
| 650 | 7 |
_aNuclear magnetic resonance spectroscopy. _2BUEsh |
|
| 653 |
_bPPhrm _cMarch2016 |
||
| 655 | _vReading book | ||
| 700 | 1 |
_aHitchens, T. Kevin, _eauthor. |
|
| 942 |
_2ddc _cBB |
||
| 999 |
_c21410 _d21382 |
||